Vainqueurs Royal Rumble - WWE - Statistiques

Statistiques générales
  • Ce quiz a été pris 857 fois
    827 depuis la dernière actualisation
  • Le résultat moyen est 30 sur 40
Statistiques - réponses
Années Vainqueurs % Correct
2008 John Cena
96%
2013 John Cena
96%
2009 Randy Orton
93%
2017 Randy Orton
93%
2015 Roman Reigns
93%
2002 Triple H
93%
2016 Triple H
93%
2007 The Undertaker
90%
2003 Brock Lesnar
88%
2010 Edge
88%
2021 Edge
88%
2005 Batista
87%
2014 Batista
87%
2006 Rey Mysterio
87%
2019 Seth Rollins
86%
1997 Stone Cold Steve Austin
85%
1998 Stone Cold Steve Austin
85%
2001 Stone Cold Steve Austin
85%
2000 The Rock
83%
1990 Hulk Hogan
81%
1991 Hulk Hogan
81%
1995 Shawn Michaels
79%
1996 Shawn Michaels
79%
2020 Drew McIntyre
75%
2012 Sheamus
71%
2018 Shinsuke Nakamura
71%
2019 Becky Lynch
70%
2011 Alberto Del Rio
69%
2018 Asuka
67%
2020 Charlotte Flair
64%
2022 Brock Lesnar
61%
2021 Bianca Belair
59%
1992 Ric Flair
59%
2004 Chris Benoit
57%
1999 Mr. McMahon
49%
1993 Yokozuna
48%
2022 Ronda Rousey
46%
1988 Jim Duggan
41%
1994 Bret Hart & Lex Luger
33%
1989 Big John Studd
29%
Aucun quiz correspondant
Distribution des résultats
% des personnes avec chaque résultat
Percentile par nombre de réponses
Votre historique - résultats
Vous n’avez pas pris ce quiz depuis la dernière actualisation